Las Mujeres productoras de alimentos en Costa Rica: diagnóstico y políticas /

Guardado en:
Bibliografiske detaljer
Hovedforfatter: Martín Salazar, Ligia
Andre forfattere: Román Vega, Isabel, Lara, Silvia
Format: Texto
Udgivet: San José: IICA
Tags: Tilføj Tag
Ingen Tags, Vær først til at tagge denne postø!

MARC

LEADER 00000 a a2200000 04500
001 24050
003
040
090 |a 170700  
100 |a Martín Salazar, Ligia  
245 |a Las Mujeres productoras de alimentos en Costa Rica: diagnóstico y políticas /  |c Ligia Martín Salazar 
260 |a San José:   |b IICA  
300 |a 94 p.  
700 |a Román Vega, Isabel  
700 |a Lara, Silvia  
999 |c 16796  |d 16796